00466nam a2200193 a 4500001001300000003000900013005001700022008004100039020001000080082001600090100001700106245002300123260002800146300000800174500003500182505001000217650002800227700001700255nice12345678IN_TiNIC20260116012156.0050524s1971 hyda grp 000 0 eng  ac10000a248.24bSIN aSingh, Bakht aLooking Unto Jesus aHyderabadbHebronc1971 a73p aincludes index and biblioraphy2 aIndex aConversion-Christianity1 aSingh, Bakht